| Tag |
First Indicator |
Second Indicator |
Subfields |
| LEADER |
00000nam a2200000Ia 4500 |
| 001 |
in00004331997 |
| 005 |
20200812092959.0 |
| 006 |
m g d |
| 007 |
cr bn |||a|bb| |
| 008 |
040106s1685 stk o 000 0 eng d |
| 035 |
|
|
|a (OCoLC)53981713
|
| 040 |
|
|
|a EAE
|c EAE
|e dcrb
|
| 037 |
|
|
|a CL0037000123
|b ProQuest Information and Learning. 300 N. Zeeb Rd., Ann Arbor, MI 48106
|
| 043 |
|
|
|a e-uk-st
|
| 090 |
|
|
|a KDC812
|b .S36 1685
|
| 049 |
|
|
|a UMIA
|
| 110 |
1 |
|
|a Scotland.
|b Parliament.
|b Committee of Estates.
|
| 245 |
1 |
0 |
|a Act of supply. :
|b Edinburgh, May 13. 1685.
|
| 260 |
|
|
|a Edinburgh :
|b Printed by the heir of Andrew Anderson, Printer to his most sacred Majesty,
|c 1685.
|
| 300 |
|
|
|a 1 online resource (1 sheet ([1] pages)
|
| 336 |
|
|
|a text
|b txt
|2 rdacontent
|
| 337 |
|
|
|a computer
|b c
|2 rdamedia
|
| 338 |
|
|
|a online resource
|b cr
|2 rdacarrier
|
| 500 |
|
|
|a Caption title.
|
| 500 |
|
|
|a Royal arms at head of text; initial letter.
|
| 500 |
|
|
|a Reproduction of the original in the National Library of Scotland.
|
| 510 |
4 |
|
|a Wing (2nd edition)
|c S1129
|
| 533 |
|
|
|a Electronic reproduction.
|b Ann Arbor, Mich. :
|c UMI,
|d 1999-
|f (Early English books online)
|n Digital version of: (Early English Books, 1641-1700 ; 2826:24)
|7 s1999 miun s
|
| 650 |
|
0 |
|a Taxation
|x Law and legislation
|z Scotland
|v Early works to 1800.
|
| 651 |
|
0 |
|a Scotland
|x Politics and government
|y 1660-1688
|v Sources.
|
| 655 |
|
7 |
|a Broadsides
|z Scotland
|y 17th century.
|2 rbgenr
|
| 830 |
|
0 |
|a Early English books online.
|
| 856 |
4 |
0 |
|u http://proxy.library.tamu.edu/login?url=https://search.proquest.com/docview/2248546199
|z Connect to the full text of this electronic book
|t 0
|
| 999 |
f |
f |
|s 6cf68db8-7b4c-3373-9f2b-1412fc73fcbd
|i a885e26b-acaa-3033-92f2-5cb1fac18095
|t 0
|
| 952 |
f |
f |
|a Texas A&M University
|b College Station
|c Electronic Resources
|d Available Online
|t 0
|e KDC812 .S36 1685
|h Library of Congress classification
|
| 998 |
f |
f |
|a KDC812 .S36 1685
|t 0
|l Available Online
|